|
|
|
|
| LEADER |
00000nam0a2200000 4500 |
| 001 |
74691 |
| 005 |
20231031085702.0 |
| 035 |
|
|
|a (RuTPU)RU\TPU\book\79661
|
| 090 |
|
|
|a 74691
|
| 100 |
|
|
|a 20050311d1989 m y0rusy50 ca
|
| 101 |
0 |
|
|a rus
|
| 102 |
|
|
|a RU
|
| 105 |
|
|
|a y j 001zy
|
| 200 |
1 |
|
|a Автоматизированное проектирование систем реального времени
|e учебное пособие
|f В. К. Погребной
|g Томский политехнический институт
|
| 210 |
|
|
|a Томск
|c Изд-во ТПИ
|d 1989
|
| 215 |
|
|
|a 96 с.
|c ил.
|
| 320 |
|
|
|a Библиогр.: с. 96
|
| 610 |
1 |
|
|a системы реального времени
|
| 610 |
1 |
|
|a автоматизированное проектирование
|
| 610 |
1 |
|
|a микропроцессоры
|
| 610 |
1 |
|
|a теория
|
| 610 |
1 |
|
|a учебные пособия
|
| 675 |
|
|
|a 681.3.014(075.8)
|v 3
|
| 700 |
|
1 |
|a Погребной
|b В. К.
|g Владимир Кириллович
|
| 712 |
0 |
2 |
|a Томский политехнический институт
|2 stltpush
|3 (RuTPU)RU\TPU\col\1123
|
| 801 |
|
1 |
|a RU
|b 63413507
|c 20050311
|g PSBO
|
| 801 |
|
2 |
|a RU
|b 63413507
|c 20170124
|g PSBO
|
| 900 |
|
|
|a Автоматизированное проектирование систем реального времени
|
| 942 |
|
|
|c BK
|